000
00287nam a2200133Ia 4500
100
_a
Burghardt/Axelrod
942
_c
BK
654
_a
Oil
245
_a
Domestic & Commercial Oil Burners
260
_b
Handbook Publishers
_c
2001
082
_a
621.8
300
_a
405
546
_a
ENGLISH
999
_c
30209
_d
30209